000
00310nam a22001337a 4500
008
181022b xxu||||| |||| 00| 0 eng d
020
_a
0670430293
041
_a
eng
080
_a
821
100
_a
21
101
_a
GJL
245
_a
The Literary Life and other Curiosities
_c
Hendrickson, R
942
_2
udc
_c
BK
999
_c
50559
_d
50559